| 000 | 00665nam a2200181 a 4500 | ||
|---|---|---|---|
| 001 | 000016010 | ||
| 005 | 20200929164233.0 | ||
| 008 | 100223s19uu dr a 000 0 spa d | ||
| 040 |
_aDO-SdBNP _bspa _cBNPHU |
||
| 082 |
_a343.0946 _bM294c |
||
| 110 | 1 |
_aRepública Dominicana. _bDirección General de Tránsito Terrestre _935960 |
|
| 245 | 1 | 0 |
_aManual del conductor / _cadaptado y revisado por Silverio A. Martínez G. |
| 260 |
_aSanto Domingo : _bDirección General de Tránsito Terrestre, _c[19--?]. |
||
| 300 |
_a[58 p. ] : _bil. ; _c12 cm. |
||
| 650 | 4 |
_aConducción de automóviles _xManuales _935961 |
|
| 700 | 1 |
_aMartínez, Silverio _erev. _935962 |
|
| 049 | _aBNPD | ||
| 999 |
_c15552 _d15552 |
||